[Event "Mittelfranken-chTB2a 1011"]
[Site "Germany"]
[Date "2011.02.13"]
[Round "6.3"]
[White "Suess, Helmut"]
[Black "Kaeferlein, Werner"]
[Result "1/2-1/2"]
[WhiteElo "1870"]
[BlackElo "1732"]
[PlyCount "81"]
[EventDate "2010.09.26"]
[EventType "team-tourn"]
[EventRounds "9"]
[EventCountry "GER"]
[SourceTitle "EXT 2012"]
[Source "ChessBase"]
[SourceDate "2011.11.24"]
[SourceVersion "1"]
[SourceVersionDate "2011.11.24"]
[SourceQuality "1"]
[WhiteTeam "Nuernberg NT V"]
[BlackTeam "Wilhermsdorf/Langenzenn"]
[WhiteTeamCountry "GER"]
[BlackTeamCountry "GER"]

1. d4 d5 2. c4 e6 3. Nc3 c5 4. cxd5 exd5 5. Nf3 cxd4 6. Qxd4 Be6 7. Bg5 f6 8. Bd2 Nc6 9. Qa4 Bc5 10. e3 Nge7 11. Nd4 Bxd4 12. exd4 0-0 13. Bb5 Qb6 14. Ne2 a6 15. Bxc6 Nxc6 16. Bc3 Rfe8 17. 0-0 Bf7 18. Rfe1 Re7 19. Nf4 Rae8 20. Rxe7 Rxe7 21. Qd1 Re4 22. Ne2 Bh5 23. f3 Re7 24. Nf4 Bf7 25. Qd2 Qc7 26. g3 Qd8 27. Re1 Qe8 28. Rxe7 Qxe7 29. Kf2 b5 30. a3 g5 31. Nd3 Be6 32. Qe3 Kf7 33. Nc5 Bc8 34. Qxe7+ Kxe7 35. b4 f5 36. Ke3 Kf6 37. f4 g4 38. Kd3 Ne7 39. Be1 Ng8 40. Kc3 Ke7 41. Kb3 1/2-1/2